Out of Egypt into Canaan; or, lessons in spiritual geography. (Record no. 2047)

000 -LEADER
fixed length control field 00539nam a2200169 a 4500
001 - CONTROL NUMBER
control field :::00018923$&:&@@
003 - CONTROL NUMBER IDENTIFIER
control field OkBaRHE
005 - DATE AND TIME OF LATEST TRANSACTION
control field 20100327142627.0
008 - FIXED-LENGTH DATA ELEMENTS--GENERAL INFORMATION
fixed length control field s1887 j 000 0 eng u
040 ## - CATALOGING SOURCE
Transcribing agency
100 1# - MAIN ENTRY--PERSONAL NAME
Personal name Knapp, Martin Wells
245 10 - TITLE STATEMENT
Title Out of Egypt into Canaan; or, lessons in spiritual geography.
260 ## - PUBLICATION, DISTRIBUTION, ETC. (IMPRINT)
Place of publication, distribution, etc Cincinnati, Ohio
Name of publisher, distributor, etc Revivalist Publishing Co.
Date of publication, distribution, etc 1887
300 ## - PHYSICAL DESCRIPTION
Extent 196 p.
942 ## - ADDED ENTRY ELEMENTS (KOHA)
Source of classification or shelving scheme
Koha item type Books
Copies
Price effective from Copy number Damaged status Shelving location Collection code Date last seen Not for loan Lost status Date acquired Permanent Location Koha item type Withdrawn status Full call number Barcode Source of classification or shelving scheme
2010-04-141 General StacksReference2010-04-14  2010-04-14RHEMA Bible Training CollegeBooks BV 4501 .K5918923